000 00460nam a2200145 a 4500
001 000039525
005 20201002031705.0
008 130705s1996 dr 000 0 spa d
040 _aDO-SdBNP
_bspa
_cBNPHU
082 _axxx
_bP644e
100 1 _aPimentel, Miguel A.
_954054
245 1 0 _aEstado, derecho, arte y teorĂ­a de la historia en la Era de trujillo /
_cMiguel A. Pimentel.
260 _aSanto Domingo :
_bImprenta Amiama,
_c1996.
300 _av. ;
_c21 cm.
999 _c39015
_d39015